000
00370nam a2200145Ia 4500
008
231129s1999||||xx |||||||||||||| ||spa||
020
_a
84-8265-092-0
040
_b
spa
082
_a
F843 M452e
100
_a
Maupassant Guy de
245
0
_a
Bel Ami
260
_c
1999
264
_a
Club Internacional del Libro
942
_2
ddc
_c
BKS
999
_c
6096
_d
6096